[Event "Detroit (MI Action/4)"]
[Site "?"]
[Date "1991.??.??"]
[Round "?"]
[White "Whipple, Greg"]
[Black "Shelters, Richard"]
[Result "0-1"]
[WhiteElo "1605"]
[BlackElo "1605"]
[PlyCount "114"]
[EventDate "1991.??.??"]

1. e4 e5 2. Nf3 Nc6 3. Bc4 h6 4. Nc3 Bb4 5. a3 Ba5 6. O-O Nf6 7. d3 Bxc3 8.
bxc3 d5 9. exd5 Nxd5 10. Re1 Bg4 11. Bxd5 Qxd5 12. c4 Qd6 13. Bb2 O-O 14. Bxe5
Nxe5 15. Rxe5 Bxf3 16. Qxf3 Qxe5 17. Rb1 b6 18. g3 Qc3 19. Rb3 Qxc2 20. d4 Qxc4
21. Rc3 Qxd4 22. Rxc7 a6 23. h4 Rad8 24. a4 Qd1+ 25. Kg2 Qxf3+ 26. Kxf3 Rd4 27.
Rc6 b5 28. axb5 axb5 29. Ke3 Rc4 30. Rd6 b4 31. Kd3 Rc3+ 32. Kd4 Rfc8 33. Rb6
R8c4+ 34. Ke5 b3 35. Kd6 Rd3+ 36. Ke5 Rc2 37. f4 Rxg3 38. f5 b2 39. Rb8+ Kh7
40. f6 Rg1 41. fxg7 Kxg7 42. Kf5 b1=Q 43. Rxb1 Rxb1 44. Ke5 Rd1 45. Kf4 Rd5 46.
Ke4 Rd6 47. Ke5 Rcd2 48. Ke4 Re6+ 49. Kf5 Rf2+ 50. Kg4 Kg6 51. h5+ Kf6 52. Kh4
Re4+ 53. Kg3 Ref4 54. Kh3 R2f3+ 55. Kg2 Kg5 56. Kh2 Rg4 57. Kh1 Rh3# 0-1

[Event "Detroit (MI Action/6)"]
[Site "?"]
[Date "1991.??.??"]
[Round "?"]
[White "Whipple, Greg"]
[Black "Harris, Diarra"]
[Result "1-0"]
[WhiteElo "1605"]
[BlackElo "1605"]
[PlyCount "47"]
[EventDate "1991.??.??"]

1. e4 e5 2. Nf3 c6 3. Nc3 b5 4. d3 Na6 5. Nxe5 f6 6. Nf3 b4 7. Ne2 Qa5 8. Bd2
Nh6 9. g3 Bc5 10. a3 Ng4 11. Ned4 g6 12. Bh3 h5 13. O-O d5 14. exd5 cxd5 15.
Re1+ Kd8 16. Nc6+ Kc7 17. Nxa5 Rh7 18. Re2 Re7 19. Rxe7+ Bxe7 20. Qe2 Kd6 21.
Bxb4+ Nxb4 22. axb4 g5 23. Re1 Nh6 24. Qxe7# 1-0

[Event "Detroit (MI Action/4)"]
[Site "?"]
[Date "1991.??.??"]
[Round "?"]
[White "West, Tony"]
[Black "Arnold, J."]
[Result "0-1"]
[WhiteElo "1605"]
[BlackElo "1605"]
[PlyCount "70"]
[EventDate "1991.??.??"]

1. e4 e5 2. Nf3 f6 3. Nc3 Nc6 4. Bc4 Nge7 5. d3 Ng6 6. Be3 d6 7. O-O Nb4 8.
Bb5+ Bd7 9. d4 c6 10. Bc4 Qe7 11. a3 Na6 12. d5 b5 13. Bd3 cxd5 14. exd5 Qd8
15. Bxb5 Bxb5 16. Nxb5 e4 17. Nfd4 Qc8 18. Nxd6+ Bxd6 19. Nb5 Qb8 20. c4 O-O
21. Nxa7 f5 22. Nc6 Qxb2 23. Bg5 Qc3 24. Be7 Nxe7 25. Nxe7+ Bxe7 26. Rc1 Qxa3
27. Ra1 Qc5 28. Ra2 Qxc4 29. Qa1 Bc5 30. Rxa6 Rxa6 31. Qc1 Qd4 32. Qd1 Ra1 33.
Qxd4 Bxd4 34. Rxa1 Bxa1 35. h4 Rc8 0-1

[Event "Detroit (MI Action/2)"]
[Site "?"]
[Date "1991.??.??"]
[Round "?"]
[White "Weaver, K."]
[Black "Shelters, Richard"]
[Result "0-1"]
[WhiteElo "1605"]
[BlackElo "1605"]
[PlyCount "48"]
[EventDate "1991.??.??"]

1. e4 e5 2. Bc4 Nf6 3. Nf3 Nc6 4. O-O Nxe4 5. Ng5 d5 6. Bxd5 Qxd5 7. Qf3 Nd4 8.
Qxe4 Qxe4 9. Nxe4 Bf5 10. Nc5 Bxc5 11. Re1 Bd6 12. c3 Nc2 13. Re3 Nxa1 14. Rg3
O-O 15. c4 Bxb1 16. h4 Nc2 17. d4 Nxd4 18. Bg5 Ne2+ 19. Kh2 Nxg3 20. fxg3 Rae8
21. b4 Bxa2 22. c5 Be7 23. Bxe7 Rxe7 24. g4 Rd8 0-1

[Event "Detroit (MI Action/4)"]
[Site "?"]
[Date "1991.??.??"]
[Round "?"]
[White "Weaver, K."]
[Black "Harris, Diarra"]
[Result "1-0"]
[WhiteElo "1605"]
[BlackElo "1605"]
[PlyCount "46"]
[EventDate "1991.??.??"]

1. e4 e5 2. Bc4 Nh6 3. d3 d6 4. Qf3 Be7 5. Bxh6 gxh6 6. Qxf7+ Kd7 7. Nf3 Rf8 8.
Qe6+ Ke8 9. Qd5 c6 10. Qf7+ Rxf7 11. O-O Nd7 12. g4 Rxf3 13. Kg2 Nc5 14. Kxf3
d5 15. exd5 cxd5 16. Bb5+ Kf7 17. Nc3 Be6 18. Ne2 a6 19. g5 hxg5 20. h4 gxh4
21. Rg1 e4+ 22. dxe4 dxe4+ 23. Kf4 h5 1-0

[Event "Detroit (MI Action/5)"]
[Site "?"]
[Date "1991.??.??"]
[Round "?"]
[White "Weaver, K."]
[Black "Brant, J."]
[Result "0-1"]
[WhiteElo "1605"]
[BlackElo "1605"]
[PlyCount "36"]
[EventDate "1991.??.??"]

1. e4 e5 2. Bc4 Nf6 3. Nf3 Nxe4 4. Nxe5 Qf6 5. d4 d6 6. Qe2 dxe5 7. dxe5 Qxe5
8. f3 Bb4+ 9. Kf1 O-O 10. fxe4 Qf6+ 11. Qf2 Qd6 12. c3 Bc5 13. e5 Qd1+ 14. Qe1
Qg4 15. b3 b6 16. e6 fxe6+ 17. Bf4 Bb7 18. h3 Qxg2# 0-1

[Event "East Lansing (MOR/5)"]
[Site "?"]
[Date "1991.??.??"]
[Round "?"]
[White "Warren, S."]
[Black "Solski, Jeff"]
[Result "0-1"]
[WhiteElo "1605"]
[BlackElo "1605"]
[PlyCount "44"]
[EventDate "1991.??.??"]

1. d4 Nf6 2. e3 d6 3. Bd3 g6 4. f4 Bg4 5. Nf3 d5 6. O-O Ne4 7. h3 Bf5 8. c3 h5
9. Bxe4 dxe4 10. Ne5 f6 11. Nc4 Qd7 12. Kh2 e6 13. Qb3 Nc6 14. a4 g5 15. fxg5
fxg5 16. Ne5 Bd6 17. Nd2 Nxe5 18. dxe5 Bxe5+ 19. Kg1 Qd3 20. Nc4 Bh2+ 21. Kf2
O-O 22. Rd1 Bxh3+ 0-1

[Event "East Lansing (MOR/3)"]
[Site "?"]
[Date "1991.??.??"]
[Round "?"]
[White "Warren, S."]
[Black "Hunt, D."]
[Result "1-0"]
[WhiteElo "1605"]
[BlackElo "1605"]
[PlyCount "91"]
[EventDate "1991.??.??"]

1. d4 d5 2. e3 Nc6 3. c3 a6 4. Bd3 Nf6 5. f4 g6 6. Nf3 Bg4 7. O-O Bg7 8. Qc2 e6
9. Ne5 Bh5 10. h3 Ne4 11. Bxe4 dxe4 12. g4 Nxe5 13. fxe5 Qh4 14. gxh5 f5 15.
exf6 Rf8 16. Qa4+ c6 17. Rf4 Qg3+ 18. Kf1 Qxh3+ 19. Ke2 Qxh5+ 20. Kd2 Qh2+ 21.
Kd1 Qh5+ 22. Kc2 Bxf6 23. Rxe4 Qh3 24. Qc4 Qg2+ 25. Nd2 O-O-O 26. Qxe6+ Kb8 27.
b3 Bg5 28. Qe5+ Ka8 29. Ba3 Rf2 30. Rd1 Bf6 31. Qc7 Qxe4+ 32. Kc1 Qxe3 33. Bb4
Be7 34. Bxe7 Qxc3+ 35. Kb1 Qd3+ 36. Kc1 Qc3+ 37. Kb1 Qd3+ 38. Kc1 Re8 39. Bc5
Qc3+ 40. Kb1 Qd3+ 41. Kb2 Rxd2+ 42. Rxd2 Qxd2+ 43. Ka3 Qc1+ 44. Ka4 b5+ 45. Ka5
Qc3+ 46. Kxa6 1-0

[Event "East Lansing (MOR/6)"]
[Site "?"]
[Date "1991.??.??"]
[Round "?"]
[White "Warren, S."]
[Black "Helzer, J."]
[Result "0-1"]
[WhiteElo "1605"]
[BlackElo "1605"]
[PlyCount "130"]
[EventDate "1991.??.??"]

1. d4 d5 2. e3 Nc6 3. c3 Bf5 4. Bd3 Bxd3 5. Qxd3 e6 6. Nd2 Nf6 7. f4 Bd6 8.
Ngf3 O-O 9. O-O Nd7 10. Ng5 g6 11. Rf3 Be7 12. Nh3 e5 13. Rg3 exd4 14. cxd4 Bf6
15. f5 Qe7 16. Nf3 Nb4 17. Qb3 c5 18. a3 Nc6 19. Qxd5 Kh8 20. fxg6 fxg6 21.
Nhg5 cxd4 22. Rh3 h5 23. exd4 Bxd4+ 24. Kf1 Nf6 25. Qb3 Ng4 26. Qd3 Qg7 27. Ne6
Qe5 28. Bf4 Rxf4 29. Nxf4 Qxf4 30. Qxg6 Bg7 31. Rxh5+ Nh6 32. Rg5 Qf7 33. Qxf7
Nxf7 34. Rh5+ Kg8 35. Ng5 Nxg5 36. Rxg5 Rf8+ 37. Kg1 Kh7 38. h4 Bxb2 39. Rd1
Bxa3 40. Rd7+ Kh6 41. Rdg7 Bc5+ 42. Kh2 Nd8 43. R7g6+ Kh7 44. h5 Be3 45. Rg7+
Kh8 46. R5g6 Bf4+ 47. g3 Be5 48. Re7 Rf2+ 49. Kh3 Rf5 50. Rh6+ Kg8 51. Rhh7 a5
52. Rh6 a4 53. Re8+ Kg7 54. Reh8 a3 55. R6h7+ Kf6 56. Rf8+ Ke6 57. Rxd8 a2 58.
Re8+ Kd5 59. Rd7+ Kc6 60. Rd2 a1=Q 61. Rc2+ Kd7 62. Rec8 Rxh5+ 63. Kg4 Rh8 64.
Rxh8 Bxh8 65. Rd2+ Kc7 0-1

[Event "Flint (MEX/4)"]
[Site "?"]
[Date "1991.??.??"]
[Round "?"]
[White "Ward, Tom"]
[Black "Owens, James"]
[Result "0-1"]
[WhiteElo "2150"]
[BlackElo "2060"]
[PlyCount "60"]
[EventDate "1991.??.??"]

1. e4 c5 2. Nf3 d6 3. d4 cxd4 4. Nxd4 Nf6 5. Nc3 a6 6. Bc4 e6 7. Bb3 Be7 8. f4
Nc6 9. Be3 Qc7 10. O-O Na5 11. Qf3 O-O 12. f5 Nxb3 13. axb3 Bd7 14. g4 Ne8 15.
Rf2 Bc6 16. Raf1 e5 17. Nde2 g5 18. fxg6 fxg6 19. Qg2 Ng7 20. Ng3 Rxf2 21. Rxf2
Rf8 22. Rxf8+ Bxf8 23. Nd5 Qf7 24. c4 Ne6 25. b4 Nf4 26. Qf1 Bh6 27. h4 Nxd5
28. Qxf7+ Kxf7 29. Bxh6 Nf6 30. Kf2 Nxg4+ 0-1

[Event "Flint (MEX/2)"]
[Site "?"]
[Date "1991.??.??"]
[Round "?"]
[White "Ward, Tom"]
[Black "Eagle, Chris"]
[Result "1-0"]
[WhiteElo "2150"]
[BlackElo "2105"]
[PlyCount "37"]
[EventDate "1991.??.??"]

1. e4 g6 2. d4 Bg7 3. Nc3 d6 4. Be3 Nf6 5. f3 O-O 6. Qd2 c6 7. h4 e5 8. O-O-O
Qa5 9. dxe5 dxe5 10. Bc4 Na6 11. h5 Nxh5 12. g4 Nf4 13. Nh3 b5 14. Bb3 c5 15.
Ng5 c4 16. Rxh7 Bxg4 17. fxg4 Rad8 18. Qh2 Rxd1+ 19. Nxd1 1-0

[Event "Detroit (HPO/4/8)"]
[Site "?"]
[Date "1991.??.??"]
[Round "?"]
[White "Ward, Tom"]
[Black "Burg, Dan"]
[Result "1/2-1/2"]
[WhiteElo "2120"]
[BlackElo "1845"]
[PlyCount "110"]
[EventDate "1991.??.??"]

{4/(8)} 1. e4 e5 2. Bc4 Bc5 3. Nc3 Nc6 4. Qg4 g6 5. Qg3 d6 6. Nf3 Na5 7. Nxe5
Nxc4 8. Nxc4 Qe7 9. d3 f5 10. Bg5 Qg7 11. O-O h6 12. Be3 Bxe3 13. Nxe3 fxe4 14.
dxe4 Bd7 15. Qh4 Ne7 16. Ned5 Nxd5 17. exd5 O-O 18. Rae1 Rae8 19. f3 Kh7 20.
Qf2 a6 21. Kh1 Bf5 22. Re2 Qf7 23. Rfe1 Kg7 24. Rxe8 Rxe8 25. Rxe8 Qxe8 26. h3
g5 27. g4 Bh7 28. Qd4+ Kf7 29. Ne4 Qe7 30. Kg2 b6 31. Kf2 Bg6 32. c3 Qe5 33.
Qxe5 dxe5 34. Kg3 Bxe4 35. fxe4 Ke7 36. Kf3 Kd6 37. Ke3 c5 38. dxc6 Kxc6 39.
Kd3 Kc5 40. a3 Kb5 41. b3 Kc5 42. c4 Kd6 43. b4 Kc6 44. a4 Kd6 45. Ke3 Kc6 46.
Kd3 Kd6 47. Kc3 Kc6 48. Kb3 Kd6 49. a5 bxa5 50. bxa5 Kc5 51. Kc3 Kd6 52. Kb4
Kc6 53. c5 Kb7 54. Kc3 Kc7 55. Kd3 Kd7 1/2-1/2

[Event "East Lansing (MOR/6)"]
[Site "?"]
[Date "1991.??.??"]
[Round "?"]
[White "Wanshon, Kevin"]
[Black "Stockham, James"]
[Result "1/2-1/2"]
[WhiteElo "1705"]
[BlackElo "1775"]
[PlyCount "123"]
[EventDate "1991.??.??"]

1. e4 e5 2. Nf3 Nc6 3. Bb5 a6 4. Ba4 Nf6 5. O-O Be7 6. Re1 b5 7. Bb3 d6 8. h3
Na5 9. c3 Nxb3 10. Qxb3 c5 11. d4 c4 12. Qc2 Qc7 13. Nbd2 Bb7 14. Nf1 O-O 15.
Ng3 g6 16. Bh6 Rfe8 17. Re2 Bf8 18. Bxf8 Kxf8 19. Rae1 Kg7 20. Qd2 Rad8 21. Qg5
Bc8 22. Nh4 Ng8 23. Nhf5+ Bxf5 24. Nxf5+ Kh8 25. Nh6 f6 26. Qh4 Nxh6 27. Qxh6
Qg7 28. Qh4 g5 29. Qh5 Kg8 30. Re3 Qf7 31. Qg4 Qd7 32. Qf3 Kg7 33. h4 h6 34. g4
Qe6 35. h5 Qc8 36. Rc1 Qd7 37. d5 Rc8 38. b3 Rc7 39. Re2 Rec8 40. Rec2 Rc5 41.
b4 R5c7 42. Ra1 Ra8 43. a3 Rca7 44. a4 bxa4 45. Rca2 a5 46. Rxa4 axb4 47. Rxa7
Rxa7 48. Rxa7 Qxa7 49. cxb4 Qd7 50. Qe2 Qb5 51. Qb2 Kf7 52. Qc3 Ke7 53. Kf1 Qa6
54. Ke1 Kd7 55. Kd2 Kc7 56. Kc2 Kb6 57. Kb2 Kb5 58. Qa3 Qxa3+ 59. Kxa3 c3 60.
Kb3 c2 61. Kxc2 Kxb4 62. Kd3 1/2-1/2

[Event "East Lansing (MOR/4)"]
[Site "?"]
[Date "1991.??.??"]
[Round "?"]
[White "Wanshon, Kevin"]
[Black "Mohammed, Azziem"]
[Result "1/2-1/2"]
[WhiteElo "1705"]
[BlackElo "1785"]
[PlyCount "82"]
[EventDate "1991.??.??"]

1. e4 c6 2. d4 d5 3. Nc3 e6 4. Nf3 Bb4 5. e5 h6 6. Bd2 Ne7 7. Be2 c5 8. Nb5
Bxd2+ 9. Qxd2 O-O 10. Nd6 cxd4 11. Nxc8 Qxc8 12. Nxd4 Nbc6 13. Nxc6 Nxc6 14. f4
Qd8 15. O-O Qb6+ 16. Kh1 Nd4 17. c3 Nf5 18. Bd3 Ne7 19. Rae1 Rad8 20. Bb1 Rd7
21. Qd3 g6 22. Qh3 Kg7 23. Rf3 Qxb2 24. Qg4 Rc7 25. Qh4 Ng8 26. g4 Rfc8 27. f5
exf5 28. gxf5 g5 29. Qh5 Qd2 30. f6+ Kf8 31. Rfe3 Qf2 32. Bh7 Qh4 33. Qxh4 gxh4
34. Rg1 Ne7 35. fxe7+ Kxe7 36. Bf5 Rxc3 37. Bxc8 Rxe3 38. Bxb7 Rxe5 39. Kg2
Re2+ 40. Kh3 Rxa2 41. Bxd5 Rd2 1/2-1/2

[Event "East Lansing (MOR/2)"]
[Site "?"]
[Date "1991.??.??"]
[Round "?"]
[White "Wanshon, Kevin"]
[Black "LaGuire, D."]
[Result "1-0"]
[WhiteElo "1705"]
[BlackElo "1605"]
[PlyCount "57"]
[EventDate "1991.??.??"]

1. e4 e6 2. d4 d5 3. Nd2 c5 4. dxc5 Bxc5 5. Nb3 Bb6 6. exd5 Ne7 7. Bb5+ Bd7 8.
Bxd7+ Qxd7 9. d6 Nd5 10. Nf3 Na6 11. O-O Rc8 12. c3 Rc6 13. Ne5 Qxd6 14. Nxc6
Qxc6 15. Nd4 Bxd4 16. Qxd4 O-O 17. f4 b6 18. Rf3 Nc5 19. Rg3 f6 20. Be3 e5 21.
fxe5 Ne6 22. Qh4 Nxe3 23. Rxe3 Qc5 24. Qe4 f5 25. b4 Qe7 26. Qc4 f4 27. Rd3 g5
28. Rd6 f3 29. Qxe6+ 1-0

[Event "Detroit (HPO/1/11)"]
[Site "?"]
[Date "1991.??.??"]
[Round "?"]
[White "Walker, LeRoy"]
[Black "Ward, Tom"]
[Result "0-1"]
[WhiteElo "1605"]
[BlackElo "2120"]
[PlyCount "78"]
[EventDate "1991.??.??"]

{1/(11)} 1. e4 c5 2. d4 cxd4 3. c3 Nf6 4. e5 Nd5 5. Qxd4 e6 6. f4 Nc6 7. Qf2
Qc7 8. c4 Ncb4 9. Na3 Bc5 10. Qg3 Ne7 11. Qxg7 Rf8 12. Qxh7 Nf5 13. Nf3 b6 14.
Bd2 Bb7 15. Be2 Qc6 16. Kf1 Qe4 17. Qh3 O-O-O 18. g4 Nd4 19. Qg2 Nxf3 20. Bxf3
Qd3+ 21. Qe2 Bxf3 22. Qxd3 Nxd3 23. h3 Bxh1 24. Ke2 Be4 25. Nb5 Nxb2 26. Nd6+
Bxd6 27. exd6 Nxc4 28. Rc1 Bd5 29. Kd3 Kb7 30. Rxc4 Bxc4+ 31. Kxc4 Rh8 32. Kd4
Rxh3 33. Ke5 Rd3 34. Bb4 a5 35. Ke4 axb4 36. Kxd3 Rc8 37. Ke4 Rc5 38. f5 exf5+
39. gxf5 f6 0-1

[Event "Detroit (HPO/3/19)"]
[Site "?"]
[Date "1991.??.??"]
[Round "?"]
[White "Walker, LeRoy"]
[Black "Triplett, Thomas"]
[Result "0-1"]
[WhiteElo "1605"]
[BlackElo "1840"]
[PlyCount "82"]
[EventDate "1991.??.??"]

{3/(19)} 1. e4 c5 2. d4 cxd4 3. c3 dxc3 4. Nxc3 Nc6 5. Nf3 d6 6. Bc4 e6 7. O-O
Be7 8. Qe2 Nf6 9. e5 Nxe5 10. Nxe5 dxe5 11. Rd1 Qc7 12. Nb5 Qb8 13. b3 O-O 14.
Bb2 Nd7 15. Rac1 a6 16. Nc3 b5 17. Bd3 Bg5 18. Rc2 Nc5 19. Be4 Nxe4 20. Nxe4
Be7 21. Rd3 f5 22. Nc5 Bf6 23. Rh3 g6 24. Bc1 Rd8 25. g4 Qb6 26. g5 Bg7 27. Be3
f4 28. Nd7 Qb7 29. Nc5 Qf7 30. Bd2 Bb7 31. Qg4 Bd5 32. Qh4 Bf8 33. Nd3 Bd6 34.
Bb4 Be4 35. Bxd6 Rxd6 36. Rd2 Rxd3 37. Rhxd3 Bxd3 38. Rxd3 Rc8 39. Kg2 Qe7 40.
b4 Rc4 41. a3 f3+ 0-1

[Event "Detroit (HPO/4/35)"]
[Site "?"]
[Date "1991.??.??"]
[Round "?"]
[White "Walker, LeRoy"]
[Black "Thornton, Ivan"]
[Result "1-0"]
[WhiteElo "1605"]
[BlackElo "1605"]
[PlyCount "85"]
[EventDate "1991.??.??"]

{4/(35)} 1. e4 e5 2. Nf3 Nc6 3. Bc4 Nd4 4. c3 Nc6 5. Qb3 Qf6 6. d3 Bc5 7. Bg5
Qg6 8. Nbd2 h6 9. Be3 Bxe3 10. fxe3 Na5 11. Qa4 Nxc4 12. Qxc4 Qd6 13. O-O Nf6
14. d4 exd4 15. e5 Qb6 16. exd4 Ng4 17. Rae1 O-O 18. h3 d5 19. exd6 Nf6 20.
dxc7 Be6 21. Qa4 Qxc7 22. Ne5 Qb6 23. Qc2 Bxa2 24. b3 Qa5 25. Ra1 Nd5 26. Rxa2
Qxc3 27. Qxc3 Nxc3 28. Raa1 Ne2+ 29. Kh2 Nxd4 30. Nef3 Nxf3+ 31. Nxf3 a5 32.
Ra3 b5 33. Rfa1 a4 34. bxa4 b4 35. Rb3 Rfb8 36. Ne5 Rb7 37. Nd3 Rab8 38. a5 Ra8
39. a6 Rba7 40. Nxb4 Rb8 41. Nc6 Rxb3 42. Nxa7 Kf8 43. Nb5 1-0

[Event "Detroit (HPO/5/10)"]
[Site "?"]
[Date "1991.??.??"]
[Round "?"]
[White "Walker, Douglas"]
[Black "Ward, Tom"]
[Result "0-1"]
[WhiteElo "1605"]
[BlackElo "2120"]
[PlyCount "96"]
[EventDate "1991.??.??"]

{5/(10)} 1. e4 c5 2. Nf3 d6 3. Nc3 a6 4. Be2 Nf6 5. d4 cxd4 6. Nxd4 e5 7. Nf3
h6 8. O-O Be7 9. Bc4 O-O 10. Bd5 Nbd7 11. Be3 Nb6 12. Qd3 Qc7 13. Bb3 Bd7 14.
Nh4 Rac8 15. Rad1 Nc4 16. Bc1 b5 17. Nf3 Be6 18. Rfe1 Rfe8 19. Nd5 Bxd5 20.
exd5 e4 21. Rxe4 Nxe4 22. Qxe4 Bg5 23. Qd4 Bxc1 24. Rxc1 Na5 25. c3 Nxb3 26.
axb3 Re2 27. c4 Qc5 28. Qxc5 Rxc5 29. Ne1 Rc8 30. Nd3 Rd2 31. Nb4 Rxb2 32. Nc6
Kf8 33. Na5 bxc4 34. bxc4 Rcb8 35. Kf1 Ra2 36. Nc6 Rbb2 37. f3 Rf2+ 38. Kg1
Rxg2+ 39. Kh1 Rxh2+ 40. Kg1 Rag2+ 41. Kf1 Rc2 42. Rxc2 Rxc2 43. Nb4 Rxc4 44.
Nxa6 Rc1+ 45. Ke2 Rb1 46. Kd3 h5 47. Kc4 h4 48. Nc7 Rc1+ 0-1

[Event "Detroit (HPO/1/31)"]
[Site "?"]
[Date "1991.??.??"]
[Round "?"]
[White "Walker, Douglas"]
[Black "Steverson, Bunnard"]
[Result "1-0"]
[WhiteElo "1605"]
[BlackElo "1795"]
[PlyCount "113"]
[EventDate "1991.??.??"]

{1/(31)} 1. e4 c5 2. Nf3 d6 3. Nc3 Nc6 4. Bb5 Bd7 5. d3 e6 6. O-O Nf6 7. Re1
Be7 8. Ne2 a6 9. Bxc6 Bxc6 10. Ng3 O-O 11. c3 Qc7 12. Bf4 e5 13. Bg5 h6 14. Be3
Ng4 15. Qd2 Nxe3 16. Qxe3 Kh7 17. Nf5 Bf6 18. h4 Bd7 19. g4 Bxf5 20. exf5 Rg8
21. Ng5+ Kh8 22. Qh3 Qe7 23. f4 g6 24. Re2 gxf5 25. Rae1 Rg7 26. Rg2 fxg4 27.
Rxg4 Qd7 28. Re3 hxg5 29. fxg5 Be7 30. Qg2 f5 31. Rgg3 f4 32. g6 fxe3 33. h5
Qf5 34. Rxe3 Qxh5 35. Rh3 Bh4 36. Qe4 Rxg6+ 37. Kh2 Bg3+ 38. Kg2 Bf4+ 39. Qxg6
Qxh3+ 40. Kxh3 Rg8 41. Qxd6 Rg3+ 42. Kh4 Kh7 43. d4 cxd4 44. cxd4 Rg6 45. Qd7+
Rg7 46. Qf5+ Kh6 47. dxe5 Bg5+ 48. Kh3 Re7 49. Kg4 Rg7 50. Kf3 Be7 51. Ke4 Bg5
52. Kd5 Re7 53. Kd6 Rg7 54. e6 Be7+ 55. Kd7 Bg5+ 56. Qf7 Rxf7+ 57. exf7 1-0

[Event "East Lansing (MOR/3)"]
[Site "?"]
[Date "1991.??.??"]
[Round "?"]
[White "Walker, Douglas"]
[Black "Sawmiller, Tim"]
[Result "1-0"]
[WhiteElo "1605"]
[BlackElo "1605"]
[PlyCount "73"]
[EventDate "1991.??.??"]

1. e4 e5 2. Nf3 Nc6 3. Bb5 a6 4. Bxc6 dxc6 5. O-O Qd6 6. d3 Bg4 7. Be3 O-O-O 8.
Nbd2 Kb8 9. Nc4 Bxf3 10. Qxf3 Qe6 11. Rfd1 c5 12. a3 Bd6 13. c3 g6 14. b4 f5
15. exf5 gxf5 16. Na5 e4 17. dxe4 fxe4 18. Qe2 cxb4 19. axb4 Qe5 20. g3 Nf6 21.
Bd4 Qe6 22. b5 Be7 23. Rdb1 Rd5 24. bxa6 b6 25. Nc4 Bc5 26. Qa2 Bxd4 27. a7+
Ka8 28. cxd4 Rhd8 29. Qa6 Nd7 30. Na5 Rxa5 31. Rxa5 e3 32. Ra2 exf2+ 33. Rxf2
Qe3 34. Qc4 Rc8 35. Qc6+ Kxa7 36. Ra1+ Kb8 37. Qa8# 1-0

[Event "East Lansing (MOR/6)"]
[Site "?"]
[Date "1991.??.??"]
[Round "?"]
[White "Walker, Douglas"]
[Black "Russell, K."]
[Result "1-0"]
[WhiteElo "1605"]
[BlackElo "1645"]
[PlyCount "137"]
[EventDate "1991.??.??"]

1. e4 c5 2. Nf3 d6 3. Nc3 Nf6 4. Be2 g6 5. O-O Bg7 6. d4 cxd4 7. Nxd4 Nc6 8.
Bb5 Bd7 9. Bxc6 bxc6 10. Rb1 Bg4 11. Qd3 c5 12. Nf3 O-O 13. Bg5 h6 14. Bh4 Rb8
15. Rfe1 g5 16. Bg3 Be6 17. e5 Nh5 18. exd6 Nxg3 19. hxg3 exd6 20. Red1 Re8 21.
b3 Bg4 22. Na4 Be5 23. Rd2 Bd7 24. Nxc5 dxc5 25. Qxd7 Bc3 26. Qxd8 Rexd8 27.
Rxd8+ Rxd8 28. Kf1 a5 29. a3 g4 30. Ne1 Rd2 31. Nd3 Rxc2 32. Nxc5 Bd4 33. Nd3
Rd2 34. Nf4 Rxf2+ 35. Ke1 Ra2 36. Ne2 Be5 37. a4 Bxg3+ 38. Nxg3 Rxg2 39. Ne2
Rh2 40. Kf1 f5 41. b4 f4 42. b5 g3 43. Nxg3 fxg3 44. Kg1 Rd2 45. b6 Rd8 46. b7
Rb8 47. Kg2 Kf7 48. Kxg3 Ke6 49. Rb6+ Kd5 50. Rxh6 Kc5 51. Rh5+ Kb4 52. Rb5+
Kxa4 53. Rb6 Ka3 54. Kf4 Ka2 55. Ke5 a4 56. Kd6 a3 57. Kc6 Ka1 58. Ra6 a2 59.
Ra8 Kb1 60. Rxb8 a1=Q 61. Rc8 Qa6+ 62. Kc7 Qa7 63. Ra8 Qc5+ 64. Kd7 Qd4+ 65.
Kc7 Qg7+ 66. Kb8 Kb2 67. Ra6 Kb3 68. Ka8 Qg8+ 69. b8=Q+ 1-0

[Event "East Lansing (MOR/1)"]
[Site "?"]
[Date "1991.??.??"]
[Round "?"]
[White "Walker, Douglas"]
[Black "Neely, Richard"]
[Result "1-0"]
[WhiteElo "1605"]
[BlackElo "1605"]
[PlyCount "87"]
[EventDate "1991.??.??"]

1. e4 d6 2. Nf3 Nf6 3. d3 g6 4. Be2 Bg7 5. Nc3 O-O 6. O-O c5 7. Be3 Nc6 8. d4
Qb6 9. Rb1 Ng4 10. dxc5 dxc5 11. Nd5 Qa5 12. a3 e6 13. Bd2 Qd8 14. Ne3 Nge5 15.
Nxe5 Bxe5 16. Ng4 Bg7 17. Nh6+ Kh8 18. Bd3 Ne5 19. Be3 b6 20. Ng4 Qh4 21. Nxe5
Bxe5 22. h3 Bb7 23. Qf3 f5 24. Qe2 fxe4 25. Ba6 Bc6 26. c3 Rf3 27. Qd2 Raf8 28.
Bg5 e3 29. Bxh4 exd2 30. gxf3 Bxf3 31. Bg5 Rd8 32. Bxd8 Bf4 33. Bc4 h5 34. Bxe6
g5 35. Bf6+ Kh7 36. Bf5+ Kh6 37. Bc2 g4 38. hxg4 hxg4 39. Bd1 Kh5 40. Bxf3 gxf3
41. c4 Kg4 42. Bc3 Kh3 43. Rbd1 Bh2+ 44. Kh1 1-0

[Event "East Lansing (MOR/5)"]
[Site "?"]
[Date "1991.??.??"]
[Round "?"]
[White "Walker, Douglas"]
[Black "Miller, David"]
[Result "1-0"]
[WhiteElo "1605"]
[BlackElo "1635"]
[PlyCount "115"]
[EventDate "1991.??.??"]

1. e4 c5 2. Nf3 d6 3. Nc3 a6 4. Be2 Nc6 5. O-O Nf6 6. d4 cxd4 7. Nxd4 e6 8. Be3
Be7 9. a3 d5 10. exd5 exd5 11. Re1 O-O 12. Nxc6 bxc6 13. Bf3 Be6 14. Ne2 c5 15.
Ng3 Rc8 16. Qe2 c4 17. c3 Qa5 18. Rad1 Rfe8 19. Bd4 h6 20. Nh5 Nxh5 21. Bxh5
Bg5 22. Qf3 Qc7 23. Be5 Qd7 24. Qg3 Qe7 25. Re3 g6 26. Rf3 Bh4 27. Qf4 Bg5 28.
Qd4 gxh5 29. Rg3 Bg4 30. Re1 Bh4 31. Rge3 Bg5 32. Bh8 Bf6 33. Rxe7 Rxe7 34.
Rxe7 Bxd4 35. Bxd4 Be6 36. Ra7 Rc6 37. a4 Kh7 38. a5 Kg6 39. f3 Bc8 40. Kf2 Re6
41. Rc7 Re8 42. Rc6+ Kh7 43. Be3 Be6 44. Rxa6 Rb8 45. Rb6 Ra8 46. a6 Kg7 47.
Rd6 Bc8 48. a7 f6 49. Bd4 h4 50. Rxf6 Kh7 51. Rd6 h3 52. g3 h5 53. Rxd5 Kg6 54.
Rb5 Be6 55. Ke3 Bd7 56. Rb8 Bc6 57. Rb6 Re8+ 58. Kf2 1-0

[Event "Detroit (HPO/3/25)"]
[Site "?"]
[Date "1991.??.??"]
[Round "?"]
[White "Walker, Douglas"]
[Black "Dobbs, Edward"]
[Result "1-0"]
[WhiteElo "1605"]
[BlackElo "1755"]
[PlyCount "59"]
[EventDate "1991.??.??"]

{3/(25)} 1. e4 c5 2. Nf3 Nc6 3. Bb5 e6 4. O-O g6 5. c3 d5 6. Bxc6+ bxc6 7. e5
d4 8. d3 Bg7 9. Re1 Ne7 10. Bg5 O-O 11. cxd4 cxd4 12. Bxe7 Qxe7 13. Nxd4 Qc5
14. Nf3 Rd8 15. Nc3 Qb6 16. Qd2 Rb8 17. Rab1 c5 18. Ne4 Ba6 19. Nf6+ Kh8 20.
Ng5 Rb7 21. Ngxh7 Rxd3 22. Qg5 Rd4 23. Re3 Bd3 24. Rh3 Bf5 25. Rh4 Rxh4 26.
Qxh4 Bxf6 27. Nxf6+ Kg7 28. Qh7+ Kf8 29. Qg8+ Ke7 30. Qe8# 1-0

[Event "Detroit (HPO/1/27)"]
[Site "?"]
[Date "1991.??.??"]
[Round "?"]
[White "Walker, Anthony"]
[Black "Triplett, Thomas"]
[Result "0-1"]
[WhiteElo "1605"]
[BlackElo "1840"]
[PlyCount "66"]
[EventDate "1991.??.??"]

{1/(27)} 1. e4 c5 2. Nf3 d6 3. h3 Nf6 4. Nc3 Nc6 5. Bb5 Bd7 6. d4 cxd4 7. Nxd4
g6 8. Bg5 Bg7 9. O-O O-O 10. Re1 Rc8 11. Nd5 Nxd4 12. Bxd7 Nxd7 13. Bxe7 Qa5
14. Bxf8 Kxf8 15. c3 Ne6 16. Qc2 Qc5 17. Rac1 Ne5 18. Red1 Bh6 19. Rb1 b5 20.
b4 Qc6 21. Ra1 Nf4 22. a4 Nxd5 23. exd5 Qc4 24. Rd4 Qxd4 25. cxd4 Rxc2 26. dxe5
bxa4 27. Rxa4 Bf4 28. g3 Bxe5 29. Rxa7 Rb2 30. Ra8+ Kg7 31. Rb8 Bd4 32. Rd8
Rxf2 33. Rxd6 Rf6+ 0-1

[Event "Detroit (HPO/3/37)"]
[Site "?"]
[Date "1991.??.??"]
[Round "?"]
[White "Walker, Anthony"]
[Black "Burke, David"]
[Result "0-1"]
[WhiteElo "1605"]
[BlackElo "1605"]
[PlyCount "70"]
[EventDate "1991.??.??"]

{3/(37)} 1. e4 e6 2. d4 d5 3. Nc3 Bb4 4. Bd2 Bxc3 5. Bxc3 dxe4 6. Qe2 Nf6 7. g3
b6 8. Bg2 Bb7 9. Rd1 O-O 10. Nh3 Nc6 11. Ng5 Ne7 12. Nxe4 Rb8 13. Nxf6+ gxf6
14. Qg4+ Ng6 15. Bxb7 Rxb7 16. O-O Kh8 17. d5 exd5 18. Rxd5 Qxd5 19. Rd1 Qe6
20. Qg5 Ne5 21. Qh6 Rg8 22. Re1 Rbb8 23. Kg2 Rg6 24. Qd2 Qc6+ 25. Kf1 Nf3 26.
Qe2 Nxe1 27. Kxe1 Re8 28. Qxe8+ Qxe8+ 29. Kd2 Kg8 30. f4 f5 31. Be5 Re6 32.
Bxc7 Qd7+ 33. Kc3 Qxc7+ 34. Kd3 Rd6+ 35. Ke3 Qe7+ 0-1